000 00439nam a22001817a 4500
003 MPLRDC
005 20220104154439.0
008 210129b ||||| |||| 00| 0 eng d
082 _a876.7 LOTI
100 _aPIERRE LOTI
245 _a冰岛渔夫
_c黎烈文译
250 _a初版
260 _a台湾
_b志文出版社
_c1974
300 _b
490 _a新潮文库. 101
650 _a法国文学
942 _cBK
_o876.7 LOTI
999 _c53989
_d53979